[Event "EU-ch Rapid"]
[Site "Athens"]
[Date "1997.??.??"]
[Round "5"]
[White "Ryan, Joseph"]
[Black "Grivas, Efstratios"]
[Result "0-1"]
[WhiteElo "2245"]
[BlackElo "2465"]

1.e4 c5 2.Nf3 Nc6 3.Bb5 d6 4.O-O Bd7 5.c3 Nf6 6.Re1 a6 7.Bxc6 Bxc6 8.d4 Bxe4
9.Bg5 Bd5 10.Bxf6 gxf6 11.c4 Bxf3 12.Qxf3 cxd4 13.Qxf6 Rg8 14.Qxd4 Bg7 15.Qd2 Rc8
16.Nc3 Rxc4 17.Ne4 d5 18.Ng3 e6 19.Rac1 Rxc1 20.Rxc1 Be5 21.b3 Rg4 22.Qe2 Qg5
23.Rc8+ Kd7 24.Qc2 Qg6 25.Qc5 Bd6 26.Rd8+ Kxd8 27.Qxd6+ Kc8 28.Qc5+ Kd7 29.Qb6 Qb1+
30.Nf1 Qxa2 31.Qxb7+ Ke8 32.h3 Re4 33.Qc8+ Ke7 34.Qc5+ Kf6 35.Qc3+ Kg6 36.Qg3+ Kh6
37.Ne3 f5 38.f4 Qa1+ 39.Kh2 Qf6 40.Nf1 e5 41.fxe5 Qxe5  0-1

[Event "EU-ch Rapid (Women)"]
[Site "Athens"]
[Date "1997.??.??"]
[Round "6"]
[White "Makropoulou, Marina"]
[Black "Nicoara Etchegaray, Malina"]
[Result "1-0"]
[WhiteElo "2290"]
[BlackElo "2210"]

1.e4 c5 2.Nf3 Nc6 3.Bb5 d6 4.O-O Bd7 5.Re1 Nf6 6.c3 a6 7.Bf1 Bg4 8.h3 Bxf3
9.Qxf3 g6 10.Qd1 Bg7 11.d4 O-O 12.d5 Nb8 13.a4 b6 14.Nd2 e6 15.Nf3 exd5 16.exd5 Ra7
17.Qb3 Re7 18.Rxe7 Qxe7 19.Qxb6 Nxd5 20.Qb3 Qe4 21.Bd2 Nf4 22.Ng5 Qf5 23.g3 Nd3
24.f4 h5 25.Bg2 c4 26.Qxc4 Nxb2 27.Qd5 Qc2 28.Be4 Nd3 29.Qxd3 Qb3 30.Bd5  1-0

[Event "EU-ch Rapid (Women)"]
[Site "Athens"]
[Date "1997.??.??"]
[Round "8"]
[White "Makropoulou, Marina"]
[Black "Schroecker, Maria Luise"]
[Result "1-0"]
[WhiteElo "2290"]
[BlackElo "2130"]

1.e4 c5 2.Nf3 Nc6 3.Bb5 e6 4.O-O Nge7 5.Re1 a6 6.Bf1 d6 7.c3 g6 8.d4 Bg7
9.dxc5 dxc5 10.Qxd8+ Nxd8 11.Be3 b6 12.Nbd2 Nb7 13.Nc4 b5 14.Nb6 Ra7 15.a4 b4
16.cxb4 Bxb2 17.Rab1 Bc3 18.Rec1 Bxb4 19.Nxc8 Nxc8 20.Rxb4 Ke7 21.Rxc5  1-0

[Event "EU-ch Rapid"]
[Site "Athens"]
[Date "1997.??.??"]
[Round "9"]
[White "Van den Doel, Erik"]
[Black "Grivas, Efstratios"]
[Result "0-1"]
[WhiteElo "2440"]
[BlackElo "2465"]

1.e4 c5 2.Nf3 Nc6 3.Bb5 d6 4.O-O Bd7 5.Re1 Nf6 6.c3 a6 7.Bf1 Bg4 8.d4 cxd4
9.cxd4 e5 10.d5 Nd4 11.Be3 Nxf3+ 12.gxf3 Bd7 13.Qb3 b5 14.Nc3 Be7 15.a4 O-O
16.axb5 axb5 17.Bxb5 Rb8 18.Qc4 Bxb5 19.Nxb5 Nh5 20.Na7 Rxb2 21.Nc6 Qd7 22.Ra7 Rb7
23.Qa6 Rxa7 24.Qxa7 Qxa7 25.Bxa7 Re8 26.Nxe7+ Rxe7 27.Bb8 Rd7 28.Rc1 Kf8
29.Rc6 Ke7 30.Kf1 f5 31.Ke2 Nf6 32.Kd3 g6 33.Bc7 fxe4+ 34.fxe4 Ng4 35.Ke2 Nxh2
36.f3 g5 37.Kf2 g4 38.Kg3 Nxf3 39.Kxg4 Nd4 40.Rc1 Kf6 41.Kh5 Ne2 42.Rf1+ Nf4+  0-1

[Event "EU-ch Rapid"]
[Site "Athens"]
[Date "1997.??.??"]
[Round "10"]
[White "Ribeiro, Fernando"]
[Black "Grivas, Efstratios"]
[Result "0-1"]
[WhiteElo "2340"]
[BlackElo "2465"]

1.e4 c5 2.Nf3 Nc6 3.Bb5 d6 4.O-O Bd7 5.c3 Nf6 6.Re1 a6 7.Bxc6 Bxc6 8.d4 Bxe4
9.Bg5 Bd5 10.Bxf6 gxf6 11.Nbd2 e6 12.c4 Bxf3 13.Nxf3 cxd4 14.Nxd4 Bg7 15.Nxe6 fxe6
16.Rxe6+ Kf8 17.Qd5 Qd7 18.Rxd6 Qf7 19.Qf5 Re8 20.Rad1 Qxc4 21.b3 Qe4 22.Qa5 h5
23.h3 Kf7 24.Rd7+ Kg6 25.Qc7 Rhg8 26.Qg3+ Kh6 27.R1d4 Qg6 28.Qf4+ Qg5 29.Qxg5+ Kxg5
30.Rxb7 Re6 31.f4+ Kf5 32.Rbd7 Re4 33.R7d5+ Kxf4 34.g3+ Kf3 35.Rd3+ Re3 36.Rxe3+ Kxe3
37.Rxh5 Kf3 38.g4 Rd8 39.Rf5+ Kg3 40.Kf1 Kxh3 41.g5 Kg4 42.Ra5 f5 43.Rxa6 f4
44.Rc6 Kg3 45.g6 f3 46.Rc1 Rh8  0-1

[Event "AUT-chT2W 9798"]
[Site "Austria"]
[Date "1997.??.??"]
[Round "4"]
[White "Kranewitter, Norbert"]
[Black "Blaas, Hansjoerg"]
[Result "1-0"]
[WhiteElo "2250"]
[BlackElo "2190"]

1.e4 c5 2.Nf3 Nc6 3.Bb5 g6 4.O-O Bg7 5.Re1 e5 6.Bxc6 dxc6 7.d3 Ne7 8.h3 O-O
9.Be3 b6 10.c3 h6 11.a4 f5 12.exf5 gxf5 13.a5 Rb8 14.axb6 axb6 15.Ra7 Ng6
16.Nh2 Nh4 17.Qh5 f4 18.Bxf4 Rxf4 19.Rxg7+ Kxg7 20.Qxe5+ Qf6 21.Qxb8 Bxh3
22.gxh3 Qg5+ 23.Ng4 Nf3+ 24.Kf1 Nxe1 25.Kxe1 Rf3 26.Qc7+  1-0

[Event "AUT-chT2W 9798"]
[Site "Austria"]
[Date "1997.??.??"]
[Round "4"]
[White "Pilz, Dieter"]
[Black "Doskocil, Klaus"]
[Result "1-0"]
[WhiteElo "2250"]
[BlackElo "2215"]

1.e4 c5 2.Nf3 Nc6 3.Bb5 g6 4.O-O Bg7 5.Re1 e5 6.d3 Nge7 7.Nc3 h6 8.Be3 Nd4
9.Bc4 d6 10.Nd5 b5 11.Nxe7 Qxe7 12.Nxd4 bxc4 13.Nb5 a6 14.Nc3 Be6 15.dxc4 Bxc4
16.Qd2 Rd8 17.Rad1 f5 18.Nd5 Qb7 19.exf5 gxf5 20.f4 O-O 21.b3 Bxd5 22.Qxd5+ Qxd5
23.Rxd5 exf4 24.Bxf4 Bd4+ 25.Kf1 Rf6 26.Re7 a5 27.g3 a4 28.bxa4 Ra8 29.Ke2 Rxa4
30.Bxd6 Rxa2 31.Kd2 Ra5 32.Rc7 Re6 33.Be5 Ra8 34.Bxd4 cxd4 35.Rxf5 Rae8 36.Rf2 Re1
37.Rd7 R1e4 38.Kd3 Re1 39.Rxd4 Rd1+ 40.Rd2  1-0

[Event "AUT-chT9697"]
[Site "Austria"]
[Date "1997.??.??"]
[Round "7"]
[White "Staudner, Oliver"]
[Black "Petschar, Kurt"]
[Result "1/2-1/2"]
[WhiteElo "2325"]
[BlackElo "2270"]

1.e4 c5 2.Nf3 Nc6 3.Bb5 d6 4.O-O Bd7 5.Re1 a6 6.Bf1 Bg4 7.h3 Bh5 8.d3 Nf6
9.Nbd2 e6 10.c3 Be7 11.a3 d5 12.g4 Bg6 13.Nh4 dxe4 14.Nxg6 hxg6 15.Nxe4 Nxe4
16.Rxe4 e5 17.f4 exf4 18.Bxf4 O-O 19.Qd2  1/2-1/2

[Event "AUT-chT2W 9697"]
[Site "Austria"]
[Date "1997.??.??"]
[Round "7"]
[White "Biro, Sandor"]
[Black "Srienz, Christian"]
[Result "1-0"]
[WhiteElo "2340"]
[BlackElo "2110"]

1.e4 c5 2.Nf3 Nc6 3.Bb5 g6 4.O-O Bg7 5.Re1 e5 6.a3 Nge7 7.b4 d6 8.h3 O-O
9.c3 Qb6 10.Bf1 Nd8 11.bxc5 dxc5 12.d3 Ne6 13.Nbd2 Rd8 14.a4 Qc7 15.Nc4 b6
16.Qb3 Rb8 17.Ne3 Nf4 18.c4 Be6 19.Bb2 f6 20.Nd5 Qd7 21.Qb5 g5 22.Kh2 Qb7
23.Bc3 a6 24.Qb2 b5 25.axb5 axb5 26.Ra5 b4 27.Bd2 Nfxd5 28.cxd5 Nxd5 29.exd5 Qxd5
30.Be3 Bf8 31.Nd2 Bf5 32.Ne4 Bxe4 33.dxe4 Qxe4 34.Qb3+ Kh8 35.Qf7 Qg6 36.Qxg6 hxg6
37.Bxc5 Rd5 38.Ba7 Rxa5 39.Bxb8 Bc5 40.Rd1 Bxf2 41.Rd8+ Kg7 42.Rd7+ Kh6 43.g4 Rc5
44.Bd6 Rc8 45.Ba6 Ra8 46.Rf7 b3 47.Bf8+ Rxf8 48.Rxf8 b2 49.Rb8 Bd4 50.Rb7 e4
51.Bc4 f5 52.Bg8 Bg7 53.Kg2 f4 54.Kf2 Bd4+ 55.Ke2 f3+ 56.Kd2 e3+ 57.Kd3 b1=Q+
58.Rxb1 e2 59.Kxd4 f2 60.Rb7 f1=Q 61.Rh7+  1-0

[Event "AUT-chT2O 9697"]
[Site "Austria"]
[Date "1997.??.??"]
[Round "8"]
[White "Groetz, Harald"]
[Black "Druckenthaner, Andreas"]
[Result "1-0"]
[WhiteElo "2235"]
[BlackElo "2305"]

1.e4 c5 2.Nf3 Nc6 3.Bb5 Qb6 4.Nc3 e6 5.Bxc6 bxc6 6.O-O d6 7.d3 Ne7 8.Rb1 Ng6
9.Bg5 f6 10.Be3 Be7 11.b4 Qa6 12.bxc5 dxc5 13.e5 f5 14.h4 Qa5 15.Bd2 Qc7
16.Re1 O-O 17.Bg5 Bxg5 18.hxg5 Rd8 19.Qc1 Qa5 20.Rb3 c4 21.dxc4 Qc5 22.Qe3 Qxc4
23.Reb1 a5 24.Ne2 Qxc2 25.Ned4 Qxa2 26.Nxc6 Re8 27.Qd3 Ba6 28.Qd6 Rac8 29.Qd7 Nf8
30.Ne7+ Kh8 31.Qd6 Ra8 32.Rb8 Qa4 33.Rxa8 Rxa8 34.Rb8 Qe4 35.Ng6+  1-0

[Event "AUT-chT2O 9697"]
[Site "Austria"]
[Date "1997.??.??"]
[Round "9"]
[White "Hangweyrer, Manfred"]
[Black "Rumpl, Erwin"]
[Result "1-0"]
[WhiteElo "2260"]
[BlackElo "2165"]

1.e4 c5 2.Nf3 Nc6 3.Bb5 d6 4.O-O Bd7 5.c3 Nf6 6.Re1 a6 7.Bxc6 Bxc6 8.d4 Bxe4
9.Bg5 Bd5 10.Nbd2 e6 11.c4 Bxf3 12.Qxf3 cxd4 13.Bxf6 gxf6 14.Qxb7 Qc8 15.Qe4 Bg7
16.Qxd4 Ke7 17.Rad1 Qc6 18.Ne4 Rad8 19.Ng3 Kf8 20.Nh5 Rg8 21.g3 f5 22.Nxg7 Rxg7
23.Rxe6 fxe6 24.Qf6+ Ke8 25.Qxg7 Qxc4 26.Qg8+ Kd7 27.Qxh7+ Kc6 28.Qh6 f4
29.Qf6 fxg3 30.hxg3 Rd7 31.b3 Qe2 32.Rc1+ Kb7 33.Qc3 Ka7 34.Qd4+ Kb7 35.Qb4+ Ka7
36.Re1 Qxa2 37.Qd4+ Kb7 38.Qe4+ Kb8 39.Qxe6 Qd2 40.Ra1 Ra7 41.Qe8+ Kc7 42.Ra4 Qd1+
43.Kh2 Qxb3 44.Rf4 Rb7 45.Rd4 d5 46.Rh4 Kb6 47.Rh6+ Ka7 48.Rh8 Qb5 49.Qa8+ Kb6
50.Rh6+ Ka5 51.Qf8 Qb4 52.Qd8+ Rb6 53.Qxd5+ Qb5 54.Qa2+ Kb4 55.Qb2+  1-0

[Event "AUT-chT9697"]
[Site "Austria"]
[Date "1997.??.??"]
[Round "11"]
[White "Wach, Markus"]
[Black "Loebler, Heimo"]
[Result "1-0"]
[WhiteElo "2390"]
[BlackElo "2275"]

1.e4 c5 2.Nf3 Nc6 3.Bb5 e6 4.Bxc6 bxc6 5.O-O Ne7 6.b3 Ng6 7.Bb2 Qc7 8.e5 Be7
9.d3 O-O 10.Nbd2 f6 11.exf6 gxf6 12.Ne4 d5 13.Ng3 e5 14.Re1 Bd6 15.c4 Bd7
16.Rc1 Qa5 17.Rc2 Rf7 18.Bc1 Bf8 19.h3 Qb6 20.Nh2 f5 21.Nf3 f4 22.Nf1 Bd6
23.Bb2 d4 24.N1d2 Bf5 25.Ne4 Bxe4 26.Rxe4 Rf5 27.Re1 Kh8 28.Qe2 Raf8 29.Qe4 a5
30.Ba1 Qc7 31.Rb1 Qd7 32.Bb2 Rb8 33.Bc1 Rff8 34.Rcb2 Rb7 35.Bd2 Qc7 36.Kh2 Rfb8
37.Qf5 Rf8 38.Qe6 Ra7 39.Re1 Qd8 40.a4 Re7 41.Qg4 Bc7 42.Qg5 Qe8 43.Bc1 Rg7
44.Qh5 Qe6 45.Ng5 Qg8 46.Ne4 Ne7 47.Rg1 Nf5 48.g4 Ne7 49.g5 Bb6 50.Rb1 Ng6
51.f3 Ne7 52.Ba3 Nf5 53.h4 Qe6 54.Bxc5 Bxc5 55.Nxc5 Qe7 56.Ne4 Ne3 57.g6 Rf5
58.Qh6 Qe6 59.h5 Qe7 60.Rg5  1-0

[Event "AUT-chT9697"]
[Site "Austria"]
[Date "1997.??.??"]
[Round "11"]
[White "Watzka, Horst"]
[Black "Steiner, Peter"]
[Result "1-0"]
[WhiteElo "2345"]
[BlackElo "2170"]

1.e4 c5 2.Nf3 Nc6 3.Bb5 g6 4.O-O Bg7 5.Nc3 e5 6.d3 Nge7 7.Bg5 O-O 8.Qd2 a6
9.Bxc6 bxc6 10.Na4 d6 11.Ne1 Rb8 12.Bh6 Rb4 13.Bxg7 Kxg7 14.b3 f5 15.c3 Rb7
16.Nb2 f4 17.d4 cxd4 18.cxd4 d5 19.exd5 Qxd5 20.Nbd3 exd4 21.Nxf4 Qd6 22.Ned3 c5
23.Rac1 Rc7 24.Rfe1 Rf5 25.Ne2 Bb7 26.Ng3 Rf8 27.Re5 Bd5 28.Qg5 Kh8 29.Rce1 Rf7
30.h4 Rg7 31.Nf4 Bg8 32.Ne4 Qd8 33.Nf6 d3 34.Nxg8 Rxg8 35.Qf6+ Rg7 36.Ne6 Qg8  1-0

[Event "SCO-ch"]
[Site "Aviemore"]
[Date "1997.??.??"]
[Round "1"]
[White "Norris, Alan J"]
[Black "Campbell, Eoin"]
[Result "1-0"]
[WhiteElo "2285"]
[BlackElo "2050"]

1.e4 c5 2.Nf3 Nc6 3.Bb5 g6 4.O-O Bg7 5.Re1 e5 6.Bxc6 dxc6 7.d3 Qe7 8.b3 Nh6
9.Bb2 O-O 10.Nbd2 f6 11.a4 Be6 12.a5 Nf7 13.Nc4 Bxc4 14.bxc4 Bh6 15.Ra3 b5
16.axb6 axb6 17.Qa1 Qb7 18.Bc1 Bxc1 19.Rxc1 b5 20.Rb1 Rxa3 21.Qxa3 Ra8 22.Qb2 Qa6
23.Nd2 Nd6 24.f4 Qa2 25.fxe5 Qxb2 26.Rxb2 fxe5 27.cxb5 cxb5 28.Nf3 Re8 29.Ra2 Nf7
30.Ra5 Rb8 31.Kf2 Rb6 32.Ke3 Kg7 33.Ra7 Kf6 34.Rc7 c4 35.dxc4 bxc4 36.Rxc4 Nd6
37.Rc7 Rb4 38.Nd2 h5 39.h4 Ra4 40.c3 Ke6 41.Kd3 Kf6 42.Rc6 Ke7 43.Rc5 Kf6
44.g3 Ke6 45.Nf3 Nf7 46.Rc6+ Nd6 47.Ng5+ Ke7 48.Rc5 Kf6 49.Rc7 Ra6 50.Rd7  1-0

[Event "Wch Seniors"]
[Site "Bad Wildbad"]
[Date "1997.??.??"]
[Round "4"]
[White "Wegener, Hans Karl"]
[Black "Kudoke, Willy"]
[Result "1-0"]
[WhiteElo "2150"]
[BlackElo "1908"]

1.e4 c5 2.Nf3 Nc6 3.Bb5 g6 4.O-O Bg7 5.Re1 d6 6.d4 cxd4 7.Nxd4 Bd7 8.Nxc6 bxc6
9.Ba4 Nf6 10.c3 O-O 11.Nd2 Rb8 12.e5 Ne8 13.exd6 exd6 14.Ne4 d5 15.Nc5 Nc7
16.Bg5 f6 17.Bf4 Rxb2 18.Qc1 Rb8 19.Bxc7 Qxc7 20.Re7 Rfd8 21.Ne6 Qd6 22.Rxg7+ Kh8
23.Qh6  1-0

[Event "Wch Seniors (Women)"]
[Site "Bad Wildbad"]
[Date "1997.??.??"]
[Round "5"]
[White "Cynolter Bognarne, Erzsebet"]
[Black "Neumark, Christel"]
[Result "0-1"]
[WhiteElo "2080"]
[BlackElo "2165"]

1.e4 c5 2.Nf3 Nc6 3.Bb5 g6 4.c3 Bg7 5.d3 Qb6 6.Ba4 d6 7.O-O Bd7 8.Nbd2 Nh6
9.Nc4 Qc7 10.Ne3 O-O 11.Nd5 Qd8 12.Rb1 Rb8 13.h3 e6 14.Ne3 Kh8 15.Bc2 f6
16.d4 cxd4 17.Nxd4 Nxd4 18.Qxd4 Qc7 19.Qd1 Bc6 20.c4 b6 21.b3 Rbd8 22.Bb2 Qb7
23.f3 Qc7 24.Qe2 Qb7 25.Rbd1 Rd7 26.Rd2 Rfd8 27.Rfd1 b5 28.Qf2 b4 29.Bb1 a5
30.Kh1 Ng8 31.h4 Qc7 32.Qg3 Ne7 33.Qh2 Kg8 34.h5 Kf7 35.h6 Bh8 36.Qh4 a4
37.Ng4 Ng8 38.Re1 a3 39.Ba1 Ra8 40.Rde2 Ra5 41.e5 Qd8 42.Qg3 dxe5 43.Rxe5 fxe5
44.Bxe5 Rxe5 45.Rxe5 Rd1+ 46.Re1 Rxe1+ 47.Qxe1 Bc3 48.Qe2 Qh4+ 49.Kg1 Bd4+
50.Nf2 Bxf2+ 51.Qxf2 Qxf2+ 52.Kxf2 Nxh6 53.g4 e5 54.Kg3 Ke6 55.Bc2 Nf7 56.f4 exf4+
57.Kxf4 g5+ 58.Ke3 h6 59.Kd4 Bf3 60.Bf5+ Kd6 61.c5+ Kc6 62.Bg6 Nd8 63.Be8+ Kc7
64.Bh5 Nc6+ 65.Kc4 Bxg4 66.Bxg4 Ne5+ 67.Kxb4 Nxg4 68.Kxa3 h5 69.b4 h4 70.b5 h3
71.Kb4 h2 72.Ka5 h1=Q 73.a4 Qa8+ 74.Kb4 Ne5 75.b6+ Kc6 76.a5 Nd3+  0-1

[Event "Wch Seniors"]
[Site "Bad Wildbad"]
[Date "1997.??.??"]
[Round "6"]
[White "Sarapu, Ortvin"]
[Black "Jugow, Alexander"]
[Result "0-1"]
[WhiteElo "2270"]
[BlackElo "2230"]

1.e4 c5 2.Nf3 Nc6 3.Bb5 g6 4.O-O Bg7 5.Re1 e5 6.Nc3 Nge7 7.d3 O-O 8.Bg5 h6
9.Be3 d6 10.h3 Be6 11.Bc4 Qd7 12.Nd5 Bxd5 13.exd5 Nb4 14.c3 Nbxd5 15.Qb3 Nxe3
16.fxe3 d5 17.Bb5 Qc7 18.d4 c4 19.Qd1 e4 20.Nd2 h5 21.Ba4 a6 22.Qe2 f5 23.Bc2 Rf6
24.b3 b5 25.a4 Raf8 26.axb5 axb5 27.Rab1 Bh6 28.bxc4 bxc4 29.Rb5 f4 30.Rc5 Qd6
31.Nxc4 dxc4 32.Qxc4+ Kg7 33.Bxe4 fxe3 34.Re5 Bf4 35.Qb5 Bg3 36.Ra1 e2 37.Bf3 Rxf3
38.gxf3 Bxe5 39.Qxe5+ Qxe5 40.dxe5 Rxf3 41.Re1 Rxh3 42.Rxe2 Rxc3 43.Kg2 Nf5
44.Ra2 Re3 45.Ra5 h4 46.Kf2 h3 47.Kg1 Re2 48.Ra3 Rg2+ 49.Kh1 Ng3+  0-1

[Event "Bad Zwesten op"]
[Site "Bad Zwesten"]
[Date "1997.??.??"]
[Round "2"]
[White "Mainka, Romuald"]
[Black "Breder, Dennis"]
[Result "1-0"]
[WhiteElo "2480"]
[BlackElo "2155"]

1.e4 c5 2.Nf3 Nc6 3.Bb5 g6 4.Bxc6 dxc6 5.d3 Bg7 6.h3 Nf6 7.Be3 Nd7 8.Nc3 e5
9.Qd2 Qe7 10.Bh6 Qf8 11.Bxg7 Qxg7 12.Ne2 O-O 13.g4 f6 14.O-O-O Rf7 15.Rdg1 Nf8
16.Ng3 h6 17.Nf5 Bxf5 18.gxf5 g5 19.h4 Nh7 20.hxg5 hxg5 21.Nh2 Kf8 22.Ng4 Ke7
23.Qc3 b6 24.Rh6 Nf8 25.Rgh1 Re8 26.Qa3 Kd6 27.Rh8 Rb8 28.d4 Nd7 29.dxe5+ fxe5
30.Rxb8 Nxb8 31.Rd1+  1-0

[Event "Bad Zwesten op"]
[Site "Bad Zwesten"]
[Date "1997.??.??"]
[Round "3"]
[White "Kaid, Almar"]
[Black "Klundt, Klaus"]
[Result "1/2-1/2"]
[WhiteElo "2240"]
[BlackElo "2370"]

1.e4 c5 2.Nf3 Nc6 3.Bb5 g6 4.Bxc6 dxc6 5.d3 Bg7 6.Nc3 Qc7 7.Be3 b6 8.Qd2 e5
9.O-O-O h6 10.Ng1 Nf6 11.h3 Nh5 12.Nce2 g5 13.h4 g4 14.f3 Be6 15.fxg4 Bxg4
16.Nf3 O-O-O 17.Qe1 Kb7 18.Ng3 Nf4 19.Qf2 Rhg8 20.Nf5  1/2-1/2

[Event "Bad Zwesten op"]
[Site "Bad Zwesten"]
[Date "1997.??.??"]
[Round "5"]
[White "Kaid, Almar"]
[Black "Mainka, Romuald"]
[Result "0-1"]
[WhiteElo "2240"]
[BlackElo "2480"]

1.e4 c5 2.Nf3 Nc6 3.Bb5 e6 4.O-O Nge7 5.c3 a6 6.Be2 d5 7.exd5 Nxd5 8.d4 cxd4
9.Nxd4 Bd6 10.Bf3 O-O 11.Nxc6 bxc6 12.c4 Ne7 13.Nc3 Qc7 14.g3 Rb8 15.Qe2 Nf5
16.Rd1 c5 17.Be3 Nxe3 18.fxe3 Be5 19.Rd2 Bxc3 20.bxc3 Qe5 21.Qd3 a5 22.Rc1 Ba6
23.a4 g6 24.Kf2 Qf6 25.Qe4 Rfd8 26.Rxd8+ Rxd8 27.Rc2 Kg7 28.Ke1 Bxc4  0-1

[Event "Badalona op"]
[Site "Badalona"]
[Date "1997.??.??"]
[Round "?"]
[White "Bjerring, Kai"]
[Black "Gonzalez, Gerardo"]
[Result "1-0"]
[WhiteElo "2315"]
[BlackElo "2240"]

1.e4 c5 2.Nf3 Nc6 3.Bb5 g6 4.O-O a6 5.Bxc6 dxc6 6.d3 Bg7 7.Nc3 Nf6 8.h3 O-O
9.Be3 b6 10.Qd2 Ne8 11.Bh6 Nc7 12.Bxg7 Kxg7 13.a4 Ne6 14.Ne2 a5 15.Qc3+ Kg8
16.Ne5 f6 17.Nc4 Nd4 18.Nxd4 cxd4 19.Qd2 Ba6 20.b3 e5 21.f4 Qc7 22.h4 Kg7
23.Rf3 Bxc4 24.bxc4 f5 25.Re1 Rae8 26.exf5 Rxf5 27.g4 Rff8 28.f5 Qe7 29.Qg5 Qxg5
30.hxg5 h6 31.f6+ Kh7 32.Rh3 h5 33.Kg2 e4 34.Rxe4 Rxe4 35.dxe4 Re8 36.Kf3 Re5
37.Kf4 Rc5 38.gxh5 gxh5 39.Rxh5+ Kg6 40.Rh6+ Kf7 41.Rh7+ Kg8 42.Rd7  1-0

[Event "Stadtcasino op"]
[Site "Baden"]
[Date "1997.??.??"]
[Round "?"]
[White "Kroencke, Manfred"]
[Black "Kelecevic, Nedeljko"]
[Result "0-1"]
[WhiteElo "2185"]
[BlackElo "2430"]

1.e4 c5 2.Nf3 Nc6 3.Bb5 g6 4.O-O Bg7 5.Re1 e5 6.Bxc6 bxc6 7.d3 Ne7 8.Nbd2 O-O
9.c3 d6 10.Qa4 h6 11.a3 Bd7 12.b4 cxb4 13.axb4 c5 14.Qa3 cxb4 15.Qxb4 d5
16.Ba3 Re8 17.c4 dxc4 18.dxc4 Nc6 19.Qc3 g5 20.h3 h5 21.Bc5 g4 22.hxg4 hxg4
23.Nh2 f5 24.exf5 e4 25.Qg3 Bxf5 26.Ra2 Ne5 27.Rd1 Nd3 28.Qd6 g3  0-1

[Event "Barbera-A"]
[Site "Barbera"]
[Date "1997.??.??"]
[Round "3"]
[White "Bravo, Narciso"]
[Black "Gomez Jurado, Luis Alberto"]
[Result "1-0"]
[WhiteElo "2230"]
[BlackElo "2280"]

1.e4 c5 2.Nf3 Nc6 3.Bb5 g6 4.O-O Bg7 5.Re1 Nf6 6.c3 a6 7.Ba4 b5 8.Bc2 O-O
9.d4 cxd4 10.cxd4 d5 11.e5 Ne8 12.h3 Nb4 13.Bb3 Bf5 14.Nc3 Nd3 15.Re2 Nxc1
16.Qxc1 Bd3 17.Re1 Rc8 18.Qd2 Bc4 19.Bc2 b4 20.Na4 a5 21.Nc5 Bb5 22.a3 Rb8
23.axb4 axb4 24.Qxb4 Be2 25.Qc3 Bxf3 26.Qxf3 Nc7 27.Ba4 Rxb2 28.Qc3 Qb8 29.Nd7 Qb7
30.Nxf8 Bxf8 31.Rec1 Ne6 32.Bc6 Qb6 33.Kh1 Nxd4 34.Bxd5 e6 35.Bc4 Rxf2 36.Qe3 Rb2
37.Bf1 Nf5 38.Qxb6 Rxb6 39.Rc8 Kg7 40.Bd3 Ne7 41.Rc7 Nc6 42.Re1 Bc5 43.Re4 Bf2
44.Rf4 Nxe5 45.Rxf2 Nxd3 46.Rfxf7+ Kh6 47.Kh2 Rb2 48.h4 g5 49.Rxh7+ Kg6 50.Rhg7+ Kf6
51.Rcf7+ Ke5 52.Rxg5+ Kd6 53.h5 Ne5 54.Rf4 Rd2 55.Kh3 Rd5 56.h6 Rd1 57.Kh2 Nf3+  1-0

[Event "Barbera-A"]
[Site "Barbera"]
[Date "1997.??.??"]
[Round "8"]
[White "Bravo, Narciso"]
[Black "Bosque Ortega, Xavier"]
[Result "1/2-1/2"]
[WhiteElo "2230"]
[BlackElo "2315"]

1.e4 c5 2.Nf3 Nc6 3.Bb5 g6 4.O-O Bg7 5.Re1 Nf6 6.c3 O-O 7.d4 cxd4 8.cxd4 d5
9.e5 Ne4 10.Nc3 Nxc3 11.bxc3  1/2-1/2

[Event "Barbera op"]
[Site "Barbera"]
[Date "1997.??.??"]
[Round "9"]
[White "Pablo Marin, Alejandro"]
[Black "Yepes Martinez, Eduard"]
[Result "1/2-1/2"]
[WhiteElo "2365"]
[BlackElo "2300"]

1.e4 c5 2.Nf3 Nc6 3.Bb5 a6 4.Bxc6 dxc6 5.O-O Qc7 6.b3 e5 7.Bb2 Bd6 8.d3 Ne7
9.Nbd2 b5 10.Re1 Ng6 11.Nf1 Be6 12.Ne3 f6 13.a4 O-O 14.g3 Qd7 15.h4 Rfb8
16.Nd2 Ne7 17.Bc3 Rb7 18.Qe2 Rba7 19.f3 Rf8 20.Rf1 Qc7 21.Kg2 g6 22.h5 g5
23.Ng4 Qd7 24.Ra2 Kg7 25.Rfa1 Rfa8 26.Nf1 h6 27.Nfe3 Ng8 28.Bb2 Kh7 29.Rd1 Rb8
30.Rda1 Rba8 31.Qf2 Qf7 32.Rh1 c4 33.bxc4 bxc4 34.dxc4 Bxc4 35.Raa1 Rd7 36.Rad1 Rad8
37.Bc3 Bc5 38.Rxd7 Rxd7 39.Rb1 Be6 40.Qe2 Qxh5 41.Nf5 Bxf5 42.exf5 Qf7 43.Rb8 h5
44.Nxe5 Re7 45.Qe4 Qd5 46.Qxd5 cxd5 47.Nd3 Re2+ 48.Kf1 Rxc2 49.Nxc5 Rxc3
50.Rb7+ Kh6 51.Ne6 Rxf3+ 52.Kg2 g4 53.Rg7 Rxf5 54.Rxg8 Kh7 55.Ra8 d4 56.Ra7+ Kh6
57.Rd7 Re5 58.Nf4 Re4 59.Rd5 h4 60.Rh5+ Kg7 61.Rxh4 d3 62.Nxd3 Rxa4 63.Nf4 Ra2+
64.Kf1 f5 65.Rh5 Kf6 66.Rh6+ Ke5 67.Re6+ Kd4 68.Ne2+ Kd5 69.Re8 Ra3 70.Kf2 a5
71.Ra8 a4 72.Rxa4 Rxa4 73.Nc3+ Ke5 74.Nxa4 f4  1/2-1/2

[Event "Baunatal op"]
[Site "Baunatal"]
[Date "1997.??.??"]
[Round "3"]
[White "Vatter, Hans Joachim"]
[Black "Meins, Gerlef"]
[Result "0-1"]
[WhiteElo "2265"]
[BlackElo "2460"]

1.e4 c5 2.Nf3 Nc6 3.Bb5 g6 4.O-O Bg7 5.Re1 Nf6 6.Bxc6 dxc6 7.d3 O-O 8.a4 Bg4
9.Nbd2 Ne8 10.h3 Bxf3 11.Nxf3 Nc7 12.Bf4 Bxb2 13.Rb1 Bc3 14.Bd2 Bxd2 15.Qxd2 b6
16.Qh6 Ne6 17.e5 Qd7 18.Re4 f5 19.Rh4 Rf7 20.Rd1 Rd8 21.Kh1 Qe8 22.Ng5 Nxg5
23.Qxg5 e6 24.Rc4 Rd5 25.Qe3 Qf8 26.f4 Rfd7 27.Rb1 Rd4 28.Qf3 R7d5 29.Kh2 Qc8
30.Qg3 Qd8 31.Qf2 h6 32.Qf3 Kh7 33.Rg1 Qh4 34.g3 Qe7 35.h4 h5 36.Kh3 Qb7
37.Ra1 Qa6 38.Qf1 Kg7 39.Rxd4 cxd4 40.Qb1 Qa5 41.Qb3 Qc5 42.Kg2 Kf7 43.Kf2 Ke7
44.Ke2 Kd7 45.Kd1 Qc3 46.Qxc3 dxc3 47.Ra3 Ra5 48.Kc1 b5 49.Rxc3 Rxa4 50.Kb2 Kc7
51.Kb1 Kb6 52.Kb2 c5 53.Rb3 Rb4 54.c4 Rxb3+ 55.Kxb3 Ka5 56.cxb5 Kxb5 57.Kc3 Kc6
58.Kc4 a6 59.d4 cxd4 60.Kxd4 Kb5 61.Kc3 a5 62.Kb3 a4+ 63.Kc3 Kc5 64.Kd3 Kb4
65.Kc2 a3 66.Kc1 Kb3 67.Kb1 a2+  0-1

[Event "Baunatal op"]
[Site "Baunatal"]
[Date "1997.??.??"]
[Round "7"]
[White "Kekelidze, Mikheil"]
[Black "Solonar, Stephan"]
[Result "1-0"]
[WhiteElo "2370"]
[BlackElo "2310"]

1.e4 c5 2.Nf3 Nc6 3.Bb5 g6 4.O-O Bg7 5.Bxc6 bxc6 6.d3 Nf6 7.Re1 O-O 8.Nc3 Rb8
9.Nd2 Nh5 10.e5 f6 11.e6 dxe6 12.Nde4 e5 13.Nxc5 f5 14.Nb3 c5 15.Nxc5 Qc7
16.Nb3 Bb7 17.Qe2 Rf7 18.a4 Rbf8 19.a5 Qc6 20.f3 e4 21.dxe4 Bxc3 22.bxc3 fxe4
23.Qxe4 Qxc3 24.Qe3 Qxc2 25.Nd4 Qc4 26.Ne6 Nf4 27.Nxf4 Rxf4 28.Bb2 Qd5 29.a6 Bc6
30.Rac1 Qb5 31.Ba1 Be8 32.Qxa7 Qg5 33.Qxe7 Qxe7 34.Rxe7 R4f7 35.a7 Bb5 36.Rcc7 Rxe7
37.Rxe7 Rd8  1-0

[Event "Oberliga Bayern9697"]
[Site "Bayern"]
[Date "1997.??.??"]
[Round "?"]
[White "Wach, Markus"]
[Black "Mandl, Robert"]
[Result "1/2-1/2"]
[WhiteElo "2390"]
[BlackElo "2410"]

1.e4 c5 2.Nf3 Nc6 3.Bb5 Nf6 4.e5 Nd5 5.O-O g6 6.Nc3 Nc7 7.Bxc6 dxc6 8.Ne4 Ne6
9.d3 Bg7 10.Be3 b6 11.Qd2 Nd4 12.Nxd4 cxd4 13.Bh6 O-O 14.Rfe1 c5 15.Qg5 f6
16.Qh4 Bb7 17.Bxg7 Kxg7 18.exf6+ exf6 19.Qg3 Bxe4 20.Rxe4 Re8 21.Qf4 Qd7
22.Rae1 Rxe4 23.Qxe4 Rf8 24.Qe7+ Rf7 25.Qe8 Qxe8 26.Rxe8 Rf8 27.Re6 Kf7 28.Rc6 Re8
29.Kf1 Re6 30.Rc8 Re8 31.Rc6 Re6  1/2-1/2

[Event "Oberliga Bayern9697"]
[Site "Bayern"]
[Date "1997.??.??"]
[Round "?"]
[White "Wagner, Anselm"]
[Black "Speckner, Roland"]
[Result "1/2-1/2"]
[WhiteElo "2370"]
[BlackElo "2325"]

1.e4 c5 2.Nf3 Nc6 3.Bb5 e6 4.O-O Nge7 5.Re1 Nd4 6.Nxd4 cxd4 7.d3 a6 8.Ba4 b5
9.Bb3 g6 10.Bg5 Bg7 11.Qf3 Bb7 12.Nd2 O-O 13.Qh3 f6 14.Bh6 Rc8 15.Nf3 Bxh6
16.Qxh6 Qb6 17.a4 Kh8 18.axb5 axb5 19.h4 Qc5 20.Ra2 Nc6 21.Raa1 Rf7 22.Nh2 Rg8
23.Qd2 g5 24.hxg5 fxg5 25.Qe2 Ne5 26.Ng4 Nxg4 27.Qxg4 Qe5 28.g3 Qf6 29.Re2 h5
30.Qh3 g4 31.Qg2 h4 32.gxh4 Rh7 33.Ree1 Rxh4 34.Kf1 g3 35.Ke2 gxf2 36.Qxf2 Rf4
37.Rh1+ Kg7 38.Rag1+ Kf8 39.Rxg8+ Kxg8 40.Qg3+ Kf8 41.Rg1 Ke7 42.Qg7+ Qxg7
43.Rxg7+ Kd6 44.c3 Rh4 45.Kd2 Rh2+ 46.Kc1 dxc3 47.bxc3 Bc6 48.Rg5 e5 49.Bc2 Rh1+
50.Kb2 Rh2 51.Kb3 Rd2 52.Rh5 Re2 53.Rg5  1/2-1/2

[Event "Oberliga Bayern9697"]
[Site "Bayern"]
[Date "1997.??.??"]
[Round "?"]
[White "Ploetz, Werner"]
[Black "Klundt, Klaus"]
[Result "0-1"]
[WhiteElo "2310"]
[BlackElo "2345"]

1.e4 c5 2.Nf3 Nc6 3.Bb5 g6 4.Bxc6 dxc6 5.h3 Bg7 6.d3 Qc7 7.O-O Nf6 8.Be3 c4
9.Nc3 cxd3 10.cxd3 O-O 11.d4 Rd8 12.Qc2 b6 13.Rfd1 Bb7 14.Rac1 Rac8 15.b4 e6
16.Bg5 h6 17.Bh4 g5 18.Bg3 Qe7 19.Rb1 Ba8 20.Be5 c5 21.dxc5 bxc5 22.b5 Rxd1+
23.Rxd1 Rd8 24.Rxd8+ Qxd8 25.Qa4 Qd7 26.Qc4 Qb7 27.Qxc5 Nd7 28.Qd6 Nxe5 29.Nxe5 Qb6
30.Nc6 Bxc3 31.Ne7+ Kg7 32.Qd7 Bxe4 33.Nc8 Qd4  0-1

[Event "Regionalliga SW9798"]
[Site "Bayern"]
[Date "1997.??.??"]
[Round "?"]
[White "Mueller, Christian"]
[Black "Mueller, Marcus2"]
[Result "1/2-1/2"]
[WhiteElo "2190"]
[BlackElo "2120"]

1.e4 c5 2.Nf3 Nc6 3.Bb5 g6 4.Bxc6 dxc6 5.d3 Bg7 6.h3 Nf6 7.Nc3 O-O 8.Be3 b6
9.Qd2 Ne8 10.Bh6 Nc7 11.O-O-O Ne6 12.Ne2 Nd4 13.Bxg7 Nxe2+ 14.Qxe2 Kxg7 15.Nd2 e5
16.g3 Be6 17.Kb1 Qd7 18.f4 f6 19.Rdf1 Kg8 20.g4 exf4 21.Rxf4 Rae8 22.Qf2 Qd4
23.Qe2 f5 24.gxf5 Bxf5 25.h4 Be6 26.Rxf8+ Rxf8 27.h5 Rf2 28.Qe1 Rg2 29.hxg6 hxg6
30.b3 Bg4 31.Qh4 Bh5 32.Qf4  1/2-1/2